LEADER 03648cas a2200637 a 4500
001 c000290311
003 CARM
005 20090213115046.0
007 cr |n|||||||||
007 ta
008 840306d19852001enkqr p 0 a0eng d
010 |a 85648738  |z sn 84009945 
015 |a GB8603949  |2 bnb 
019 1 |a 4473129  |5 LACONCORD2021 
022 0 |a 0743-0175  |y 1470-3602 
035 |a (OCoLC)10490881  |5 LACONCORD2021 
040 |a NSDP  |b eng  |c NSDP  |d DLC  |d NSDP  |d DLC  |d MH  |d DLC  |d NST  |d InU  |d NST  |d MH  |d NST  |d NSDP  |d NST  |d GU  |d OCoLC  |d CU-S  |d LC 
042 |a nsdp  |a lc 
050 0 |a UA11  |b .D384 
050 0 0 |a UA11  |b .D384 
050 1 4 |a U1  |b .D446 
082 0 4 |a 355.0305  |2 19 
222 0 |a Defense analysis 
245 0 0 |a Defense analysis. 
260 |a London ;  |a Washington, D.C. :  |b Brassey's Defence Publishers,  |c c1985-2001. 
300 |a v. ;  |c 25 cm. 
310 |a 3 times a year,  |b <Apr. 1994-> 
321 |a Quarterly,  |b (Mar. 1985)- 
362 0 |a Vol. 1, no. 1 (Mar. 1985)-v. 17, no. 3 (Dec. 2001). 
500 |a Published: Basingstoke, Hants : Carfax Publishing, Taylor & Francis, <2000-> 
500 |a Title from cover. 
530 |a Also available via World Wide Web ;  |b OCLC FirstSearch Electronic Collections Online ;  |c Subscription required for access to abstracts and full text. 
540 |a Current copyright fee: GBP13.00  |c 1 0  |5 Uk 
650 0 |a Military policy  |v Periodicals. 
650 0 |a National security  |v Periodicals. 
650 0 |a World politics  |v Periodicals. 
653 |a Defence  |a Serials 
655 7 |a Electronic journals.  |2 lcsh 
710 2 |a Taylor & Francis. 
776 1 |t Defense analysis (Online : OCLC)  |w (NSDP)(OCoLC)45107450 
785 0 0 |t Defense & security analysis  |x 1475-1798 
856 4 |u http://firstsearch.oclc.org  |z Address for accessing the journal using authorization number and password through OCLC FirstSearch Electronic Collections Online. Subscription to online journal required for access to abstracts and full text 
856 4 |u http://firstsearch.oclc.org/journal=0743-0175;screen=info;ECOIP  |z Address for accessing the journal from an authorized IP address through OCLC FirstSearch Electronic Collections Online. Subscription to online journal required for access to abstracts and full text 
856 4 1 |u http://www.metapress.com/link.asp?id=104567 
856 4 1 |u http://www.swetswise.com/link/access%5Fdb?issn=0743-0175 
856 4 1 |u http://www.ingentaselect.com/rpsv/cw/carfax/07430175/contp1.htm 
856 4 1 |u http://firstsearch.oclc.org  |z Address for accessing the journal using authorization number and password through OCLC FirstSearch Electronic Collections Online. Subscription to online journal required for access to abstracts and full text 
856 4 1 |u http://firstsearch.oclc.org/journal=0743-0175;screen=info;ECOIP  |z Address for accessing the journal from an authorized IP address through OCLC FirstSearch Electronic Collections Online. Subscription to online journal required for access to abstracts and full text 
856 4 1 |i Issues listed under later title  |u http://www.informaworld.com/smpp/title~content=t713412200 
852 8 |b CARM  |h A3:AB19G0  |i C11642  |p 0521937  |f SE 
852 8 |b CARM  |h A3:AB19G0  |i C11639  |p 0524051  |f SE 
866 0 |a 14:1(1998:04)-17:3(2001:12) 
866 0 |a 14:1(1998:04)-17:3(2001:12) 
999 f f |i ddf4b8fd-545e-58ca-888a-60a25a69615a  |s 0ed809f7-81b2-52b7-b2be-63de80695d35 
952 f f |p Can circulate  |a CAVAL  |b CAVAL  |c CAVAL  |d CARM 1 Store  |e C11642  |f A3:AB19G0  |h Other scheme  |i book  |k 16:1(2000:04)-17:3(2001:12)  |m 0521937 
952 f f |p Can circulate  |a CAVAL  |b CAVAL  |c CAVAL  |d CARM 1 Store  |e C11639  |f A3:AB19G0  |h Other scheme  |i book  |k 14:1(1998:04)-15:3(1999:12)  |m 0524051